Томский некрополь: траурные сообщения в томской газете "Красное знамя" (1940-1963)

Dades bibliogràfiques
Autor corporatiu: Национальный исследовательский Томский государственный университет (ТГУ) Институт искусств и культуры (ИИК) Кафедра музеологии, культурного и природного наследия
Altres autors: Черняк Э. И. (редактор)
Sumari:Эта книга - дань памяти поколению томичей военного и послевоенного времени. В траурных извещениях, опубликованных в томской газете «Красное знамя», выражены чувства сожаления, любви и скорби о бойцах Великой Отечественной, о тех, кто трудился в томском тылу, приближая Победу.
Idioma:rus
Publicat: Томск, Изд-во ТГУ, 2015
Col·lecció:Памятники природного и культурного наследия Сибири
Matèries:
Format: MixedMaterials Llibre
KOHA link:https://koha.lib.tpu.ru/cgi-bin/koha/opac-detail.pl?biblionumber=318998

MARC

LEADER 00000nam0a2200000 4500
001 318998
005 20231102003133.0
010 |a 9785751122775 
035 |a (RuTPU)RU\TPU\book\344503 
035 |a RU\TPU\book\39385 
090 |a 318998 
100 |a 20160516d2015 k y0rusy50 ca 
101 0 |a rus 
102 |a RU 
105 |a a z 001zy 
200 1 |a Томский некрополь  |e траурные сообщения в томской газете "Красное знамя" (1940-1963)  |f Национальный исследовательский Томский государственный университет (ТГУ), Институт искусств и культуры (ИИК), Кафедра музеологии, культурного и природного наследия ; под ред. Э. И. Черняка 
210 |a Томск  |c Изд-во ТГУ  |d 2015 
215 |a 280 с.  |c ил. 
225 1 |a Памятники природного и культурного наследия Сибири 
320 |a Именной указатель: с. 248-275 
320 |a Список сокращений: с. 276-278 
330 |a Эта книга - дань памяти поколению томичей военного и послевоенного времени. В траурных извещениях, опубликованных в томской газете «Красное знамя», выражены чувства сожаления, любви и скорби о бойцах Великой Отечественной, о тех, кто трудился в томском тылу, приближая Победу. 
606 1 |a Томск, г.  |x История  |2 stltpush  |3 (RuTPU)RU\TPU\subj\67226  |9 83109 
686 |a Т3(253.3-4Том)  |v LBC/SL-A  |2 rubbk 
702 1 |a Черняк  |b Э. И.  |4 340 
712 0 2 |a Национальный исследовательский Томский государственный университет (ТГУ)  |b Институт искусств и культуры (ИИК)  |b Кафедра музеологии, культурного и природного наследия  |2 stltpush  |3 (RuTPU)RU\TPU\col\19751 
801 1 |a RU  |b 63413507  |c 20020312  |g PSBO 
801 2 |a RU  |b 63413507  |c 20160520  |g PSBO 
942 |c BK